| 000 | 01328nam a22002775a 4500 | ||
|---|---|---|---|
| 003 | OSt | ||
| 005 | 20170319113430.0 | ||
| 008 | 170313s2011 ua frb 000 0 ara d | ||
| 015 | _a2011 / 16634 | ||
| 020 | _a9789777163149 | ||
| 040 |
_aEG-ScBUE _bara _cEG-ScBUE |
||
| 043 |
_aF-ua--- _aa-su--- |
||
| 082 | 0 | 4 |
_a346.04364 _bن ص ر _222 |
| 100 | 1 | _aنصر، مصطفى أحمد إبراهيم. | |
| 245 | 1 | 2 |
_aالتمويل العقاري في النظامين المصري والسعودي : _bدراسة مقارنة بالشريعة الإسلامية مع بيان للإجراءات المتبعة أمام الشهر العقاري المصري / _cمصطفى أحمد إبراهيم نصر. |
| 260 |
_aالقاهرة : _bدار النهضة العربية، _c2011. |
||
| 300 |
_a283 ص. ؛ _c24 سم. |
||
| 504 | _aيشتمل على إرجاعات ببليوجرافية. | ||
| 650 | 7 |
_aقروض الرهن العقاري _xقوانين وتشريعات _zمصر. _2BUEsh |
|
| 650 | 7 |
_aقروض الرهن العقاري _xقوانين وتشريعات _zالسعودية. _2BUEsh |
|
| 650 | 7 |
_2BUEsh _aالعقارات _xقوانين وتشريعات _zمصر |
|
| 650 | 7 |
_2BUEsh _aالعقارات _xقوانين وتشريعات _zالسعودية. |
|
| 651 | _2BUEsh | ||
| 653 |
_bLLAAWW _cMarch2017 |
||
| 942 | _2ddc | ||
| 999 |
_c24468 _d24440 |
||